Globalisierung der Wirtschaft-Aufbruch zu neuen Märkten.

Telekomunikácie a internacionalizácia hospodárstva kladie nové nároky na správanie sa podnikov. Komunikácia a získavanie nových trhov. Schopnosť podniku reagovať na viacdimenzionálne a multikultúrne požiadavky trhov. Tímový duch v podniku a účasť pracovníkov na formulovaní nových podnikateľských myš...

Descrizione completa

Salvato in:
Dettagli Bibliografici
Autore principale: Vannotti, L.E
Natura: Capitolo di libro
Lingua:tedesco
Soggetti:
Tags: Aggiungi Tag
Nessun Tag, puoi essere il primo ad aggiungerne!!

MARC

LEADER 00000naa a2200000 4500
001 r011188
005 20221208122836.0
041 0 |a ger 
044 |a DE 
245 1 0 |a Globalisierung der Wirtschaft-Aufbruch zu neuen Märkten.  |c L.E. Vannotti 
520 |a Telekomunikácie a internacionalizácia hospodárstva kladie nové nároky na správanie sa podnikov. Komunikácia a získavanie nových trhov. Schopnosť podniku reagovať na viacdimenzionálne a multikultúrne požiadavky trhov. Tímový duch v podniku a účasť pracovníkov na formulovaní nových podnikateľských myšlienok a vízií. 
610 2 0 |a telekomunikácie 
610 2 0 |a internacionalizácia ekonomiky 
610 2 0 |a správanie 
610 2 0 |a podnik 
610 2 0 |a trh 
610 2 0 |a komunikácia 
610 2 0 |a práca tímová 
610 2 0 |a komunikácia multikultúrna 
100 1 |a Vannotti, L.E.